000 00869nac a22003370a 4500
001 PT35064
003 AR-LpoUNG
005 20210201005336.0
008 201001s1991||||xxu|||||||||||||||||eng d
020 _a0582907365
_c$91
040 _aAR-LpoUNG
_bspa
_eaacr
041 _aeng
044 _axxu
082 0 _a428 287worv3
100 1 _aHarmer, Jeremy
245 1 0 _aCoast to coast :
_bworkbook
250 _a1ra. ed., 6ta. reimpr.
260 _aNew York :
_bLongman,
_c1991.
300 _a64 p. :
_bil., tbls.
_3Impreso
490 0 _aCoast to coast : workbook
650 4 _aAPRENDIZAJE
650 4 _aCOMUNICACION
650 4 _aENSEƑANZA DE IDIOMAS
650 4 _aGRAMATICA
650 4 _aLENGUA INGLESA
651 4 _aDOCUMENTOS TEORICOS O METODOLOGICOS
700 1 _aDavy, Karen
700 1 _aElsworth, Steve
905 _a35064
942 _cLIB
999 _c49209
_d49209